LDR 00930naa#a2200193#i#450# 001 RU\\bibl\19988 005 20260701044812.3 100 ## _a20260630b2026####ek#y0rusy0150####ca 102 ## _aRU 200 1# _aАСПЕКТЫ МЕЖДУНАРОДНОГО ЗАКОНОДАТЕЛЬСТВА В ОБЛАСТИ ИНФОРМАЦИОННОЙ БЕЗОПАСНОСТИ _eСтатья/тезисы конференции 210 1# _aВоронеж _cВоронежский государственный лесотехнический университет имени Г.Ф. Морозова _d2026 215 ## _a5 с. 608 ## _aСтатья/тезисы конференции _2local 675 ## _aЗащита от несанкционированного доступа. 004.056.53 _z 700 #1 _aОпара _gМ. В. 700 #1 _aВрагов _gС. А. 700 #1 _aБуренкина _gК. А. 700 #1 _aОпара _gМ. А. 856 4# _abibl.vgltu.ru _u